<?xml version="1.0" encoding="UTF-8"?>
<record
    xmlns:xsi="http://www.w3.org/2001/XMLSchema-instance"
    xsi:schemaLocation="http://www.loc.gov/MARC21/slim http://www.loc.gov/standards/marcxml/schema/MARC21slim.xsd"
    xmlns="http://www.loc.gov/MARC21/slim">

  <leader>01370nam a2200277 a 4500</leader>
  <controlfield tag="001">1416</controlfield>
  <controlfield tag="003">BR-CuiBMT</controlfield>
  <controlfield tag="005">20231210050444.0</controlfield>
  <controlfield tag="008">231201s2008    dfb           000 0 por d</controlfield>
  <datafield tag="020" ind1=" " ind2=" ">
    <subfield code="a">8586611301</subfield>
  </datafield>
  <datafield tag="040" ind1=" " ind2=" ">
    <subfield code="a">BR-CuiBMT</subfield>
    <subfield code="c">BR-CuiBMT</subfield>
  </datafield>
  <datafield tag="080" ind1=" " ind2=" ">
    <subfield code="a">324</subfield>
    <subfield code="2">2007</subfield>
  </datafield>
  <datafield tag="090" ind1=" " ind2=" ">
    <subfield code="a">324</subfield>
    <subfield code="b">B823t</subfield>
  </datafield>
  <datafield tag="110" ind1="1" ind2=" ">
    <subfield code="a">Brasil.</subfield>
    <subfield code="b">Tribunal Superior Eleitoral.</subfield>
  </datafield>
  <datafield tag="245" ind1="1" ind2="0">
    <subfield code="a">Temas diversos :</subfield>
    <subfield code="b">atos preparat&#xF3;rios da vota&#xE7;&#xE3;o, crimes eleitorais e processo penal eleitoral, mat&#xE9;ria processual, organiza&#xE7;&#xE3;o judici&#xE1;ria e administrativa da justi&#xE7;a eleitoral, partido pol&#xED;tico, plebiscito e referendo, urna eletr&#xF4;nica /</subfield>
    <subfield code="c">Tribunal Superior Eleitoral.</subfield>
  </datafield>
  <datafield tag="260" ind1=" " ind2=" ">
    <subfield code="a">Bras&#xED;lia :</subfield>
    <subfield code="b">Cojur, Secretaria de Gest&#xE3;o da Informa&#xE7;&#xE3;o,</subfield>
    <subfield code="c">2008.</subfield>
  </datafield>
  <datafield tag="300" ind1=" " ind2=" ">
    <subfield code="a">399 p. ;</subfield>
    <subfield code="c">21 cm</subfield>
  </datafield>
  <datafield tag="490" ind1="1" ind2=" ">
    <subfield code="a">Jurisprud&#xEA;ncia do TSE. Temas selecionados ;</subfield>
    <subfield code="v">v. 16</subfield>
  </datafield>
  <datafield tag="500" ind1=" " ind2=" ">
    <subfield code="a">"Decis&#xF5;es de janeiro de 2004 a julho de 2007".</subfield>
  </datafield>
  <datafield tag="500" ind1=" " ind2=" ">
    <subfield code="a">A edi&#xE7;&#xE3;o desse volume tem por finalidade reunir os assuntos que ainda n&#xE3;o s&#xE3;o objeto dos "temas selecionados - volumes 1 a 15", e seu conte&#xFA;do se restringe &#xE0;s decis&#xF5;es publicadas a partir de janeiro de 2004.</subfield>
  </datafield>
  <datafield tag="504" ind1=" " ind2=" ">
    <subfield code="a">Inclui bibliografia.</subfield>
  </datafield>
  <datafield tag="650" ind1=" " ind2=" ">
    <subfield code="a">Direito eleitoral</subfield>
    <subfield code="x">Jurisprud&#xEA;ncia</subfield>
    <subfield code="z">Brasil</subfield>
  </datafield>
  <datafield tag="650" ind1=" " ind2=" ">
    <subfield code="a">Tribunal Superior Eleitoral</subfield>
    <subfield code="x">Direito eleitoral</subfield>
    <subfield code="z">Brasil</subfield>
  </datafield>
  <datafield tag="830" ind1=" " ind2="0">
    <subfield code="a">Jurisprud&#xEA;ncia do TSE.</subfield>
    <subfield code="p">Temas selecionados</subfield>
    <subfield code="v">16</subfield>
  </datafield>
  <datafield tag="942" ind1=" " ind2=" ">
    <subfield code="2">udc</subfield>
    <subfield code="c">LV</subfield>
  </datafield>
  <datafield tag="952" ind1=" " ind2=" ">
    <subfield code="0">0</subfield>
    <subfield code="1">0</subfield>
    <subfield code="2">udc</subfield>
    <subfield code="4">0</subfield>
    <subfield code="7">0</subfield>
    <subfield code="a">BIBTCEMT</subfield>
    <subfield code="b">BIBTCEMT</subfield>
    <subfield code="d">2023-12-07</subfield>
    <subfield code="l">0</subfield>
    <subfield code="o">324 B823t</subfield>
    <subfield code="p">BIBTCEMT23120301</subfield>
    <subfield code="r">2023-12-07</subfield>
    <subfield code="t">Ex. 1</subfield>
    <subfield code="w">2023-12-07</subfield>
    <subfield code="y">LV</subfield>
  </datafield>
  <datafield tag="999" ind1=" " ind2=" ">
    <subfield code="c">1416</subfield>
    <subfield code="d">1416</subfield>
  </datafield>
</record>
